<?xml version="1.0" encoding="UTF-8"?>
<record
    xmlns:xsi="http://www.w3.org/2001/XMLSchema-instance"
    xsi:schemaLocation="http://www.loc.gov/MARC21/slim http://www.loc.gov/standards/marcxml/schema/MARC21slim.xsd"
    xmlns="http://www.loc.gov/MARC21/slim">

  <leader>00810cam a22002414a 4500</leader>
  <controlfield tag="001">sa 68017650 </controlfield>
  <controlfield tag="003">DLC</controlfield>
  <controlfield tag="005">20260227112704.0</controlfield>
  <controlfield tag="008">890913s1968    ii       b    000 0 hino </controlfield>
  <datafield tag="010" ind1=" " ind2=" ">
    <subfield code="a">sa 68017650 </subfield>
  </datafield>
  <datafield tag="035" ind1=" " ind2=" ">
    <subfield code="a">(OCoLC)20337099</subfield>
  </datafield>
  <datafield tag="040" ind1=" " ind2=" ">
    <subfield code="a">DLC</subfield>
    <subfield code="c">DLC</subfield>
  </datafield>
  <datafield tag="041" ind1="0" ind2=" ">
    <subfield code="a">hin</subfield>
    <subfield code="a">bra</subfield>
  </datafield>
  <datafield tag="050" ind1="0" ind2="0">
    <subfield code="a">PK1967.9.V47</subfield>
    <subfield code="b">Z94 1968</subfield>
  </datafield>
  <datafield tag="100" ind1="0" ind2=" ">
    <subfield code="a">Vinaya,</subfield>
    <subfield code="d">1937-</subfield>
  </datafield>
  <datafield tag="245" ind1="1" ind2="0">
    <subfield code="a">Kavivara Bih&#x101;r&#x12B; :</subfield>
    <subfield code="b">Mah&#x101;kavi Bih&#x101;r&#x12B; para sarv&#x101;g&#x12B;&#x1E47;a &#x101;locan&#x101;tmaka adhyayana /</subfield>
    <subfield code="c">lekhaka, &#x1E0C;&#x101;. Vinaya, Kr&#x325;sh&#x1E47;a V&#x101;tsy&#x101;yana.</subfield>
  </datafield>
  <datafield tag="260" ind1=" " ind2=" ">
    <subfield code="a">Dill&#x12B; :</subfield>
    <subfield code="b">J&#xF1;&#x101;na Bh&#x101;rat&#x12B;,</subfield>
    <subfield code="c">[1968?]</subfield>
  </datafield>
  <datafield tag="300" ind1=" " ind2=" ">
    <subfield code="a">168 p. ;</subfield>
    <subfield code="c">23 cm.</subfield>
  </datafield>
  <datafield tag="546" ind1=" " ind2=" ">
    <subfield code="a">In Hindi with passages in Braj.</subfield>
  </datafield>
  <datafield tag="504" ind1=" " ind2=" ">
    <subfield code="a">Includes bibliographical references.</subfield>
  </datafield>
  <datafield tag="600" ind1="0" ind2="0">
    <subfield code="a">Vih&#x101;r&#x12B; L&#x101;la,</subfield>
    <subfield code="c">Kavi</subfield>
    <subfield code="x">Criticism and interpretation.</subfield>
  </datafield>
  <datafield tag="700" ind1="1" ind2=" ">
    <subfield code="a">V&#x101;tsy&#x101;yana, Kr&#x325;sh&#x1E47;a.</subfield>
  </datafield>
  <datafield tag="999" ind1=" " ind2=" ">
    <subfield code="c">87855</subfield>
    <subfield code="d">87855</subfield>
  </datafield>
</record>
